Culture of the baroque = Cultura del barroco /
Guardat en:
| Autor principal: | |
|---|---|
| Format: | Desconegut |
| Idioma: | English |
| Publicat: |
Minneapolis :
University of Minnesota Press,
1986.
|
| Matèries: | |
| Etiquetes: |
Afegir etiqueta
Sense etiquetes, Sigues el primer a etiquetar aquest registre!
|
MARC
| LEADER | 000000000a22000000004500 | ||
|---|---|---|---|
| 001 | 012763 | ||
| 041 | 0 | |a eng | |
| 082 | 0 | 4 | |a 306 |b M311c |
| 100 | 1 | |a Maravall, José Antonio | |
| 245 | 1 | 0 | |a Culture of the baroque = |b Cultura del barroco / |c José Antonio Maravall. |
| 246 | 3 | 1 | |a Cultura del barroco |
| 260 | 1 | |a Minneapolis : |b University of Minnesota Press, |c 1986. | |
| 300 | |a 330 páginas ; |c 24 cm | ||
| 650 | 4 | |a BARROCO | |
| 650 | 4 | |a CIVILIZACION | |
| 500 | |a Colección George Yúdice | ||
| 999 | |c 18713 |d 18713 | ||
| 942 | |c BK |h 306 M311c |2 z | ||
